| 000 | 01213nam a2200289 i 4500 | ||
|---|---|---|---|
| 001 | 189187 | ||
| 003 | SpMaBN | ||
| 005 | 20250302202844.0 | ||
| 008 | 190423s2009 sp cfo |||| |bspa d | ||
| 020 | _a978-84-96146-31-0 | ||
| 080 | _a929 Casaldáliga, Pedro (082.2) | ||
| 245 | 0 | 0 |
_aPedro Casaldáliga _b: las causas que dan sentido a su vida : retrato de una personalidad / _c[coordinadores, Benjamín Forcano, Eduardo Lallana ... (et al.) ; introducción, Federico Mayor Zaragoza]. |
| 246 | 3 |
_iPrecede al tít. _aHomenaje de amigos |
|
| 250 | _a3ª ed. | ||
| 260 |
_aMadrid : _bNueva Utopía, _c2009. |
||
| 300 |
_a387, [32] p. de lám. col. y n. ; _c24 cm. |
||
| 504 | _aBibliografía: p. [381-387] | ||
| 600 | 1 | 7 |
_aCasaldáliga, Pedro- _vHomenajes. _9166863 |
| 700 | 1 |
_aForcano, Benjamín. _951684 |
|
| 700 | 1 |
_aLallana, Eduardo. _9166864 |
|
| 700 | 1 |
_aMayor Zaragoza, Federico, _d1934-2024 _979415 |
|
| 852 |
_aES-MaACL _jA-14476 _9196325 _bR.152106 _cDEPO1 _dOlim: N-7476 _gDedicatoria autógrafa de Eduardo Lallana _xEncuadernación en cartoné |
||
| 903 |
_9166864 _aLallana, Eduardo _ednr |
||
| 942 |
_2udc _cMONOGRAFIA |
||
| 999 |
_c189187 _d189187 |
||